Western criticism: (Record no. 179546)

MARC details
000 -LEADER
fixed length control field 00698nam a22002057a 4500
005 - DATE AND TIME OF LATEST TRANSACTION
control field 20210622113056.0
010 ## - LCCN (DPL NO)
LC control number B-740256
020 ## - INTERNATIONAL STANDARD BOOK NUMBER
International Standard Book Number 9789380156750
Terms of availability 110.00
035 ## - SYSTEM CONTROL NUMBER
System control number B-740256
037 ## - SOURCE OF ACQUISITION
Source of stock number/acquisition Gift
082 ## - DEWEY DECIMAL CLASSIFICATION NUMBER
Classification number 180
100 ## - MAIN ENTRY--PERSONAL NAME
Personal name Mukherjee, Gurudas
245 ## - TITLE STATEMENT
Title Western criticism:
Remainder of title Aristotle to empson /
Statement of responsibility, etc by Gurudas Mukherjee ; edited by Indibar Mukherjee
260 ## - PUBLICATION, DISTRIBUTION, ETC. (IMPRINT)
Place of publication, distribution, etc New Delhi
Name of publisher, distributor, etc Ane Books
Date of publication, distribution, etc 2010
270 ## - ADDRESS
Address 4821, Parwana Bhawan, 1st Floor, 24 Ansari Road, Daryaganj
City New Delhi
Postal code 110002
300 ## - PHYSICAL DESCRIPTION
Extent ix, 158p.
Dimensions 21cm(pbk)
700 ## - ADDED ENTRY--PERSONAL NAME
Personal name Mukherjee, Indibar
942 ## - ADDED ENTRY ELEMENTS (KOHA)
Source of classification or shelving scheme Dewey Decimal Classification
Item type English Books
Classification part 180
Call number suffix MUK
Holdings
Withdrawn status Lost status Not for loan Collection code Home library Current library Date acquired Source of acquisition Cost, normal purchase price Full call number Barcode Copy number Cost, replacement price Koha item type Public note
      Non-fiction Kadipur Kadipur 22/06/2021 Gift/Eng/02-06-2021 110.00 180 MUK B-740256 1 110.00 English Books Gift

© Delhi Public Library
Hit Counter
free hit counter